000 00451nmm a2200157Ia 4500
008 251105s9999||||xx |||||||||||||||||und||
020 _a8495602636
041 _aspa
100 _aWeinrichter, Antonio
245 0 _aDesvios de lo real :
_b El cine de no ficción
264 _a[Madrid, España] :
_bT&B Editores,
_c2001
300 _a144 páginas
650 _aFilm studies
856 _uhttps://public.digitaliapublishing.com/a/6180
942 _cCF
999 _c73962
_d73962